| 000 | 01364nam a2200481Ia 4500 | ||
|---|---|---|---|
| 008 | 210210b1988 xxu||||| |||| 00| 0 eng d | ||
| 082 | _a591.5 ILLU | ||
| 100 | _a- | ||
| 245 |
_aILLUSTRATED ENCYCLOPEDIA of wildlife. 52V: V49: Invertebrates. _bPhylum Porifera Coelenterata Ctenophora Platyhelminthes Nemertea Entoprocta Gastrotricha Rotifera Kynorhyncha Nematoda Nematomorpha Annelida Sponges Porifera Jellyfishes Corals Coelenterata Flatworms Tapeworms Platyhelminthes Gastrotrichs Rotiers Gastrotr |
||
| 260 |
_aLondon _bOrbis Publishing Ltd., _c1988 |
||
| 300 | _a2881-2940 | ||
| 440 | _a49 | ||
| 650 | _awildlife. | ||
| 650 | _aV49: | ||
| 650 | _aTapeworms | ||
| 650 | _aSponges | ||
| 650 | _aRotifera | ||
| 650 | _aRotiers | ||
| 650 | _aPorifera | ||
| 650 | _aPlatyhelminthes | ||
| 650 | _aPhylum | ||
| 650 | _aof | ||
| 650 | _aNemertea | ||
| 650 | _aNematomorpha | ||
| 650 | _aNematoda | ||
| 650 | _aKynorhyncha | ||
| 650 | _aJellyfishes | ||
| 650 | _aInvertebrates. | ||
| 650 | _aILLUSTRATED | ||
| 650 | _aGastrotrichs | ||
| 650 | _aGastrotricha | ||
| 650 | _aGastrotr | ||
| 650 | _aFlatworms | ||
| 650 | _aEntoprocta | ||
| 650 | _aENCYCLOPEDIA | ||
| 650 | _aCtenophora | ||
| 650 | _aCorals | ||
| 650 | _aCoelenterata | ||
| 650 | _aAnnelida | ||
| 650 | _a52V: | ||
| 690 | _aZoology | ||
| 906 | _a055139 | ||
| 999 |
_c103035 _d103035 |
||